Countries A-Z with the Most Skyscrapers - Statistics

General Stats
  • This quiz has been taken 130 times
  • The average score is 16 of 20
Answer Stats
Letter Number of skyscrapers Country % Correct
U 1164 United States
99%
C 4377 China
98%
F 30 France
95%
Q 85 Qatar
95%
J 332 Japan
94%
I 185 Indonesia
92%
G 26 Germany
91%
R 83 Russia
90%
A 214 Australia
88%
V 50 Vietnam
88%
B 70 Brazil
85%
T 162 Thailand
84%
M 364 Malaysia
83%
S 362 South Korea
82%
P 168 Philippines
75%
E 5 Egypt
70%
D 2 Dominican Republic
63%
K 29 Kuwait
62%
L 4 Lebanon
57%
N 23 North Korea
56%
No matching quizzes found
Score Distribution
Percent of People with Each Score
Percentile by Number Answered
Your Score History
You have not taken this quiz